000 00304nam a2200121 a 4500
008 111012s1988|||| d
100 1 _aPisárčiková, Mária a kolektív
245 1 0 _aJazyková poradňa odpovedá
260 _bSPN
_aBratislava
_c1988
020 _c22
041 _aslo
044 _axo
_cSK
999 _c19815
_d19815